000 00335nam a2200145Ia 4500
100 _aPearson D.W. & others
942 _cRB
654 _aComputer
245 _aArtifical Neural Nets & Genetic Algorithms
260 _bSpringer-Verlag
_aNew york
_c1995
082 _a4.8
_bPEA
300 _a528
546 _aENGLISH
999 _c31526
_d31526